00632cam a2200169 a 450000100100000000500170001000800410002704000250006808200150009310000270010824500960013526000560023130000210028760000450030870000330035371000760038600001574520200929164134.0900303s1988 cu b 001 0 spa  aDO-SdBNPbspacBNPHU a012bC352b1 aCastillo Vega, Marcia.10aBibliografía de Mirta Aguirre /cMarcia Castillo Vega ; edición Ángel L. Fernández. aLa Habana, Cuba :bEditorial Letras Cubanas,c1988. a213 p. ;c24 cm.14aAGUIRE,MIRTA,d1912-1980xBIBLIOGRAFÍA1 aFernández, Ángel L.eed.1 aInstituto de Literatura y LingüísticabAcademia de Ciencias de Cuba